[Event "Challenge"]
[Site "http://www.queenalice.com/game.php?id=1870794"]
[Date "2026.3.22"]
[Round "-"]
[White "jogo"]
[Black "pomar"]
[Result "0-1"]
[WhiteElo "1421"]
[BlackElo "1959"]

1. e4 e6 2. d4 d5 3. e5 c5 4. c3 Qb6 5. f4 cxd4 6. cxd4 Bb4+ 7. Nc3 Nc6 8. a3
Bxc3+ 9. bxc3 Qa5 10. Nf3 Qxc3+ 11. Bd2 Qb2 12. Qc1 Qb6 13. Rb1 Qd8 14. Bb5 Bd7
15. O-O Rc8 16. Qe1 a6 17. Rc1 axb5 18. Rc5 Ra8 19. Rxb5 Nxe5 20. Rb3 Nxf3+ 21.
Rfxf3 b5 22. Bb4 Ne7 23. g4 O-O 24. f5 Nc6 25. Bc5 Ra4 26. Bxf8 Nxd4 27. Bc5
Nxf3+ 28. Rxf3 Rxg4+ 29. Rg3 exf5 30. Rxg4 fxg4 31. Qe5 Be6 32. Bd4 Qf8 33. Qe3
Qc8 34. Qg5 g6 35. Qf6 Qc1+ 36. Kg2 Qd2+ 37. Kg1 Qd1+ 0-1

[Event "Challenge"]
[Site "http://www.queenalice.com/game.php?id=1870795"]
[Date "2026.3.22"]
[Round "-"]
[White "pomar"]
[Black "jogo"]
[Result "1-0"]
[WhiteElo "1946"]
[BlackElo "1509"]

1. f3 e5 2. Kf2 Bc5+ 3. e3 d5 4. d4 exd4 5. exd4 Qh4+ 6. Ke3 Qe7+ 7. Kf2 Qh4+ 8.
Ke3 Bb6 9. g3 Qe7+ 10. Kf2 Nc6 11. c3 h6 12. Bh3 Bxh3 13. Nxh3 O-O-O 14. Re1 Qd7
15. Kg2 Nf6 16. Bf4 g5 17. Be5 Nxe5 18. dxe5 Nh7 19. Nd2 a6 20. Nb3 Rhe8 21. Nd4
c5 22. Nb3 Nf8 23. Nf2 1-0

[Event "AUTO-ADV-4893"]
[Site "http://www.queenalice.com/game.php?id=1870834"]
[Date "2026.3.24"]
[Round "2"]
[White "chessman"]
[Black "pomar"]
[Result "1-0"]
[WhiteElo "1981"]
[BlackElo "1981"]

1. e4 e6 2. d4 d5 3. e5 c5 4. c3 Qb6 5. Nf3 cxd4 6. cxd4 Nc6 7. Nc3 Bb4 8. a3
Bxc3+ 9. bxc3 Nge7 10. Bd3 O-O 11. O-O Ng6 12. Re1 Qc7 13. Bd2 a6 14. Qe2 f6 15.
Bxg6 hxg6 16. Qd3 g5 17. Bxg5 fxg5 18. Nxg5 Rf5 19. f4 Bd7 20. Qh3 Rxg5 21. fxg5
Rf8 22. g6 Rf5 23. Qh7+ Kf8 24. Qh8+ Ke7 25. Qxg7+ Kd8 26. Qh8+ Be8 27. g7 Qf7
28. g8=Q 1-0

[Event "AUTO-ADV-4893"]
[Site "http://www.queenalice.com/game.php?id=1870835"]
[Date "2026.3.24"]
[Round "2"]
[White "pomar"]
[Black "chessman"]
[Result "1-0"]
[WhiteElo "1947"]
[BlackElo "2018"]

1. f3 d5 2. Kf2 e5 3. e3 Nf6 4. c4 c6 5. d4 e4 6. Nc3 Bb4 7. cxd5 cxd5 8. Qa4+
Nc6 9. Bb5 Bxc3 10. bxc3 Bd7 11. Ba3 a6 12. Bxc6 Bxc6 13. Qb3 Rc8 14. Ne2 Qe7
15. Bxe7 1-0

[Event "AUTO-ADV-4893"]
[Site "http://www.queenalice.com/game.php?id=1870838"]
[Date "2026.3.24"]
[Round "2"]
[White "pomar"]
[Black "Capixabba789"]
[Result "0-1"]
[WhiteElo "1965"]
[BlackElo "1887"]

1. f3 e5 2. Kf2 d5 3. e3 c5 4. d4 exd4 5. exd4 cxd4 6. Qxd4 Be6 7. Be3 Nc6 8.
Bb5 Nf6 9. Nc3 Be7 10. Nge2 O-O 11. Bxc6 bxc6 12. Qa4 c5 13. Qb5 d4 14. Nxd4
cxd4 15. Rhd1 dxe3+ 16. Kxe3 Qb6+ 17. Qxb6 axb6 18. a3 Bc5+ 19. Kd2 Rfd8+ 20.
Ke1 Rxd1+ 21. Rxd1 h6 22. Ne2 Nd5 23. b4 Be7 24. Nd4 Rxa3 25. b5 Bb4+ 26. Kf2
Bc3 27. g3 Bxd4+ 28. Rxd4 Rc3 29. Rd2 Rc5 30. c4 Rxc4 31. Ra2 Rb4 32. f4 Rxb5
33. Kf3 Rb3+ 34. Kg2 Nc3 35. Ra8+ Kh7 36. Rb8 b5 37. Kf3 b4 38. Ke3 Rb1 39. Kd2
Ne4+ 40. Kd3 Nd6 41. Kc2 Bf5+ 42. Kd2 b3 43. Kc3 Bc2 44. Kb4 Rh1 45. h4 Rg1 46.
Ka3 Rxg3 47. Rb6 Ne4 48. Rb7 f5 49. Rf7 Nf6 50. Kb2 Rh3 51. Rc7 Rxh4 0-1

[Event "AUTO-ADV-4893"]
[Site "http://www.queenalice.com/game.php?id=1870839"]
[Date "2026.3.24"]
[Round "2"]
[White "Capixabba789"]
[Black "pomar"]
[Result "0-1"]
[WhiteElo "1887"]
[BlackElo "1966"]

1. d4 e6 2. e4 d5 3. exd5 Qxd5 4. Nc3 Bb4 5. Bd2 Qxd4 6. Nf3 Qd8 7. Bd3 Nf6 8.
O-O Nbd7 9. Re1 O-O 10. Ne4 Bxd2 11. Nexd2 Nb6 12. Qe2 Bd7 13. a3 Nfd5 14. Ne4
Bc6 15. c4 Nf4 16. Qc2 Qxd3 17. Qc1 Ne2+ 18. Rxe2 Qxe2 19. Qg5 Bxe4 0-1

[Event "AUTO-ADV-4901"]
[Site "http://www.queenalice.com/game.php?id=1870957"]
[Date "2026.3.24"]
[Round "2"]
[White "Shizumaru_Hisame"]
[Black "pomar"]
[Result "1-0"]
[WhiteElo "1941"]
[BlackElo "1966"]

1. d4 e6 2. Bd2 d5 3. Bc3 Nf6 4. f3 c5 5. dxc5 Bxc5 6. Nd2 Nc6 7. Nb3 Bb6 8. Qd3
Bd7 9. O-O-O O-O 10. g4 Ba5 11. h4 Bxc3 12. Qxc3 Rc8 13. Qe1 a5 14. h5 a4 15.
Nc5 b5 16. e4 dxe4 17. fxe4 Ne5 18. Nxd7 Nfxd7 19. Bxb5 Qc7 20. Qe2 Nc5 21. Nf3
Nxg4 22. Nd4 Qf4+ 23. Kb1 Ne3 24. Rdg1 Qxe4 25. Nc6 Ra8 26. Ne7+ Kh8 27. Bc6 Nd5
28. Qxe4 Nxe4 29. Bxa8 Rxa8 30. Nxd5 exd5 31. Rh3 Nf6 32. h6 g6 33. Rf1 Ra6 34.
Re3 Kg8 35. Rxf6 Rxf6 36. Re8# 1-0

[Event "AUTO-ADV-4901"]
[Site "http://www.queenalice.com/game.php?id=1870958"]
[Date "2026.3.24"]
[Round "2"]
[White "pomar"]
[Black "Shizumaru_Hisame"]
[Result "0-1"]
[WhiteElo "1986"]
[BlackElo "1982"]

1. f3 e5 2. Kf2 d5 3. e3 d4 4. d3 dxe3+ 5. Bxe3 Bd7 6. g3 Bc6 7. Nc3 f5 8. Bg2
f4 9. Bd2 Bc5+ 10. Kf1 Qg5 11. Nh3 Qf5 12. gxf4 exf4 13. Bxf4 Qd7 14. Qe2+ Ne7
15. Ne4 Bb6 16. Be3 O-O 17. Nc5 Qf5 18. Qf2 Bxf3 19. Qxf3 Qxf3+ 20. Bxf3 Rxf3+
21. Ke2 Rxh3 22. d4 Nf5 23. Bf2 Nc6 24. d5 Ncd4+ 25. Bxd4 Nxd4+ 26. Kd2 Bxc5 27.
c3 Nf3+ 28. Ke2 Re8+ 29. Kf1 Rxh2 30. Rxh2 Nxh2+ 31. Kg2 Re2+ 32. Kh1 Rxb2 33.
c4 Rc2 34. a4 Bd6 35. a5 Rxc4 36. a6 b5 37. Re1 Kf7 38. Re2 Ng4 39. Kg2 Rd4 40.
Kh3 g5 41. Rg2 h5 0-1

[Event "Challenge"]
[Site "http://www.queenalice.com/game.php?id=1872523"]
[Date "2026.4.26"]
[Round "-"]
[White "Leanne"]
[Black "pomar"]
[Result "0-1"]
[WhiteElo "1350"]
[BlackElo "1944"]

1. d4 e6 2. Nf3 d5 3. c4 c6 4. Nc3 dxc4 5. e4 Nf6 6. Bxc4 Bb4 7. Bd2 Bxc3 8.
Bxc3 Nbd7 9. O-O b5 10. Bb3 Nxe4 11. Ne5 Nxe5 12. dxe5 Nxc3 13. bxc3 Qa5 14. c4
O-O 15. cxb5 cxb5 16. a4 bxa4 17. Bxa4 Bb7 18. Bc2 Qxe5 19. Qd3 g6 20. f4 Qc5+
21. Kh1 Qc6 22. Qe2 a5 23. Be4 Qxe4 24. Qxe4 Bxe4 25. Rfe1 f5 26. Kg1 Rfc8 27.
Rec1 Bc2 28. Re1 Bb3 29. Rec1 a4 30. Rxc8+ Rxc8 31. h3 Rc2 32. g4 Rc4 33. gxf5
gxf5 34. Re1 Rxf4 35. Rf1 Rxf1+ 36. Kxf1 a3 0-1

[Event "Challenge"]
[Site "http://www.queenalice.com/game.php?id=1872524"]
[Date "2026.4.26"]
[Round "-"]
[White "pomar"]
[Black "Leanne"]
[Result "1-0"]
[WhiteElo "1955"]
[BlackElo "1429"]

1. e3 d5 2. f3 e5 3. Kf2 Nc6 4. Bb5 Bd7 5. Nc3 Nf6 6. Nge2 d4 7. Bxc6 Bxc6 8.
exd4 exd4 9. Ne4 Bxe4 10. fxe4 Nxe4+ 11. Ke1 d3 12. Nf4 Qd7 13. cxd3 Nc5 14.
Qe2+ Be7 15. a3 O-O-O 16. Rf1 g5 17. Nh3 Nxd3+ 18. Kd1 Nxc1 19. Rxc1 f5 20. Ng1
Qa4+ 21. Rc2 f4 22. Qxe7 Qa5 23. Nf3 h6 24. b4 Qb6 25. a4 a5 26. b5 c6 27. Qe6+
Kb8 28. Ne5 Rhe8 29. Nxc6+ bxc6 30. Qxc6 Qxc6 31. Rxc6 Kb7 32. Rxh6 Re4 33. Re1
Rxa4 34. Re7+ Kc8 35. Rg6 Ra2 36. Rxg5 Raxd2+ 37. Kc1 R2d5 38. Reg7 Rxg5 39.
Rxg5 Rf8 40. b6 f3 41. gxf3 Rxf3 42. Rxa5 Rb3 43. b7+ Rxb7 44. h4 Rc7+ 45. Kd2
1-0

[Event "AUTO-ADV-4935"]
[Site "http://www.queenalice.com/game.php?id=1873142"]
[Date "2026.5.8"]
[Round "1"]
[White "pomar"]
[Black "dimitridruloza2012"]
[Result "0-1"]
[WhiteElo "1940"]
[BlackElo "1777"]

1. f3 b6 2. Kf2 Bb7 3. e3 g6 4. c4 Bg7 5. d4 Nf6 6. Nc3 d6 7. d5 Na6 8. a3 Nc5
9. e4 Nh5 10. Be3 Nd7 11. Bd4 e6 12. Bxg7 Nxg7 13. g3 Nc5 14. b4 Nd7 15. Bh3 Qe7
16. Qd4 e5 17. Qd2 a5 18. Nb5 Nf6 19. Ne2 c6 20. dxc6 Bxc6 21. Rhd1 Bxe4 22.
Qxd6 Nf5 23. Qxb6 Nd7 24. Nc7+ Kf8 25. Nxa8 Nxb6 26. Nxb6 Qa7 27. fxe4 Qxb6+ 28.
c5 Qb8 29. exf5 axb4 30. f6 h5 31. Rab1 Kg8 32. axb4 Kh7 33. c6 Qb6+ 34. Ke1
Qxc6 35. b5 Qb6 36. Rd5 Qb7 37. Rd7 Qh1+ 38. Bf1 Rf8 39. b6 Qc6 40. Ra7 Rb8 41.
b7 Qc2 42. Rc1 Qb2 43. Bg2 Qb4+ 44. Kf1 e4 45. Rc7 e3 46. Rxf7+ Kh6 47. Rc7 Qb1+
48. Nc1 Qf5+ 49. Ke2 Qf2+ 50. Kd3 Qd2+ 51. Ke4 Qxg2+ 52. Kxe3 Qg1+ 53. Kf4 Qxa7
54. f7 Rf8 55. Ke5 Qe3+ 56. Kf6 Qg5+ 57. Ke6 Qf5+ 58. Kd6 Qf6+ 59. Kc5 Qf5+ 60.
Kb6 Qb1+ 61. Ka7 Qa1+ 62. Kb6 Qd4+ 63. Rc5 Qb4+ 64. Rb5 Qd6+ 65. Ka7 Rxf7 66.
Rb6 Qa3+ 67. Ra6 Qxc1 68. Ka8 Qh1 69. Rb6 Qa1+ 70. Kb8 Rf8+ 71. Kc7 Qc3+ 72. Kd6
Rd8+ 73. Ke7 Qc7+ 0-1

[Event "AUTO-ADV-4935"]
[Site "http://www.queenalice.com/game.php?id=1873143"]
[Date "2026.5.8"]
[Round "1"]
[White "dimitridruloza2012"]
[Black "pomar"]
[Result "0-1"]
[WhiteElo "1783"]
[BlackElo "1946"]

1. g3 e6 2. Bg2 d5 3. b3 c5 4. Bb2 Nf6 5. Nf3 Nc6 6. e3 Qb6 7. Nc3 Bd7 8. Na4
Qa6 9. d4 c4 10. Bf1 Nb4 11. a3 Bxa4 12. axb4 Bxb4+ 13. Nd2 Qc6 14. Rxa4 Bxd2+
15. Qxd2 O-O 16. Bg2 b5 17. Ra3 Rfb8 18. O-O b4 19. Ra4 c3 20. Bxc3 bxc3 21. Qd3
Nd7 22. Rc4 dxc4 23. Bxc6 cxd3 24. Bxd7 dxc2 25. Rc1 Rxb3 26. Rxc2 a5 27. Bc6
Rc8 28. Bd7 Rc7 29. Ba4 Rb2 30. Rc1 c2 31. Kg2 Rb1 32. d5 Rxc1 33. d6 Rc8 34. d7
Rd8 35. h4 Ra1 36. Bxc2 Rxd7 37. f4 Rd2+ 38. Kf3 Rxc2 39. Kg4 a4 40. e4 g6 41.
Kg5 Kg7 42. h5 f6+ 43. Kg4 Rg1 44. e5 f5+ 45. Kh3 Rh1# 0-1

[Event "AUTO-MASTER-3305"]
[Site "http://www.queenalice.com/game.php?id=1873173"]
[Date "2026.5.8"]
[Round "1"]
[White "pomar"]
[Black "Takeda"]
[Result "0-1"]
[WhiteElo "1921"]
[BlackElo "2135"]

1. f3 g6 2. Kf2 Bg7 3. e3 Nf6 4. c4 O-O 5. d4 d6 6. Nc3 e5 7. d5 Nbd7 8. Bd3 Nc5
9. Nge2 Nxd3+ 10. Qxd3 c6 11. e4 Qb6+ 12. Ke1 c5 13. Na4 Qa5+ 14. Nac3 a6 15.
Bd2 Nh5 16. Nb5 Qb6 17. Nbc3 f5 18. Bg5 h6 19. Qd2 hxg5 20. Qxg5 fxe4 21. Nxe4
Qxb2 22. Rc1 Nf4 23. N4g3 Nd3+ 24. Kf1 Nxc1 25. Nxc1 Bf5 26. Nxf5 Rxf5 27. Qxg6
Qxc1+ 28. Ke2 Qc2+ 29. Ke3 Rxf3+ 30. gxf3 Qxg6 0-1

[Event "AUTO-MASTER-3305"]
[Site "http://www.queenalice.com/game.php?id=1873186"]
[Date "2026.5.8"]
[Round "1"]
[White "oniwa"]
[Black "pomar"]
[Result "1-0"]
[WhiteElo "1898"]
[BlackElo "1898"]

1. e4 e6 2. d4 d5 3. Nc3 Bb4 4. Bd2 Nc6 5. exd5 exd5 6. Bb5 Ne7 7. Qf3 Bd7 8.
Qg3 Nxd4 9. Qd3 Bxb5 10. Nxb5 Bxd2+ 11. Kxd2 Ne6 12. Nf3 c6 13. Nbd4 Qd6 14.
Nxe6 fxe6 15. Rae1 Qf4+ 16. Kd1 Qf6 17. Kc1 O-O 18. Qe3 Rae8 19. Qxa7 Ra8 20.
Qd4 Rxa2 21. Kb1 Rfa8 22. c3 Qg6+ 23. Kc1 Qxg2 24. Rhg1 Qxf3 25. Qxg7# 1-0

[Event "AUTO-MASTER-3305"]
[Site "http://www.queenalice.com/game.php?id=1873194"]
[Date "2026.5.8"]
[Round "1"]
[White "Tonto"]
[Black "pomar"]
[Result "1-0"]
[WhiteElo "2003"]
[BlackElo "1954"]

1. e4 e6 2. d4 d5 3. e5 c5 4. Nf3 Qb6 5. Nc3 Bd7 6. Be2 cxd4 7. Nxd4 Bc5 8. Be3
Qxb2 9. Ncb5 Bb4+ 10. Kf1 Nc6 11. Nc7+ Kd8 12. Nxa8 Nxe5 13. Rb1 Qa3 14. Rb3 Qa5
15. Qb1 Bc3 16. Rxb7 Nf6 17. Rb8+ Bc8 18. f4 Bxd4 19. Bxd4 Nc6 20. Rb5 Qa4 21.
Be3 Ne4 22. Rb3 Na5 23. Rb4 Qc6 24. Nb6 axb6 25. Rxb6 Qc3 26. Bd3 Nd2+ 27. Bxd2
Qxd2 28. Rb8 Qxf4+ 29. Ke1 Qe3+ 30. Be2 Nc4 31. Qb4 Qc1+ 32. Bd1 Qe3+ 33. Be2
Qc1+ 34. Kf2 Qe3+ 35. Kf1 Re8 36. Bxc4 Qc1+ 37. Kf2 Qxh1 38. Qd6# 1-0

[Event "AUTO-MASTER-3305"]
[Site "http://www.queenalice.com/game.php?id=1873195"]
[Date "2026.5.8"]
[Round "1"]
[White "pomar"]
[Black "Tonto"]
[Result "0-1"]
[WhiteElo "1961"]
[BlackElo "1947"]

1. f3 e5 2. Kf2 Nf6 3. e3 Be7 4. c4 b6 5. d4 e4 6. Nc3 d5 7. cxd5 O-O 8. Bc4
exf3 9. gxf3 Ba6 10. Qd3 Bxc4 11. Qxc4 a6 12. a4 Qd7 13. Nge2 Ne8 14. e4 Nd6 15.
Re1 Nxc4 0-1

[Event "Challenge"]
[Site "http://www.queenalice.com/game.php?id=1873286"]
[Date "2026.5.12"]
[Round "-"]
[White "jogo"]
[Black "pomar"]
[Result "0-1"]
[WhiteElo "1310"]
[BlackElo "1957"]

1. e4 e6 2. d4 d5 3. e5 c5 4. c3 Qb6 5. Nf3 Nc6 6. Bd3 cxd4 7. cxd4 Bd7 8. Nc3
Nxd4 9. Nxd4 Qxd4 10. Qe2 Bb4 11. Bd2 Qb6 0-1

[Event "AUTO-OPEN-4652"]
[Site "http://www.queenalice.com/game.php?id=1873418"]
[Date "2026.5.15"]
[Round "1"]
[White "pomar"]
[Black "Carlos19"]
[Result "1-0"]
[WhiteElo "1914"]
[BlackElo "1557"]

1. f3 e5 2. Kf2 Bc5+ 3. e3 Qh4+ 4. g3 Qf6 5. Nc3 d6 6. Bh3 Bxh3 7. Nxh3 Bb4 8.
Nd5 Qd8 9. Nxb4 a5 10. Nd5 c6 11. Nc3 b5 12. Qe2 b4 13. Na4 Qf6 14. Kg2 Nd7 15.
b3 e4 16. Bb2 exf3+ 17. Qxf3 Qxf3+ 18. Kxf3 f6 19. Rhf1 c5 20. Kg2 O-O-O 21. Rf3
Ne5 22. Rf4 g5 23. Rf5 h5 24. d4 cxd4 25. exd4 Ng4 26. Re1 h4 27. Rxa5 hxg3 28.
hxg3 N8h6 29. d5 Rhe8 30. Ra8+ Kd7 31. Ra7+ Kc8 32. Rxe8 Rxe8 33. Nb6+ Kb8 34.
Ra8+ Kb7 35. Rxe8 Kxb6 36. Bd4+ Kb5 37. Re6 f5 38. Rxd6 Nf7 39. Rb6+ Ka5 40. d6
Nge5 41. Bc5 Nd8 42. Rb8 Ne6 43. Bxb4+ Ka6 44. Re8 Nc6 45. Rxe6 Nd8 46. Re8 Nc6
47. d7 g4 48. Nf4 Kb5 49. c3 Kb6 50. d8=Q+ Nxd8 51. Rxd8 Kc7 52. Ne6+ Kc6 53.
Nd4+ Kb6 54. Rf8 1-0

[Event "AUTO-OPEN-4652"]
[Site "http://www.queenalice.com/game.php?id=1873444"]
[Date "2026.5.15"]
[Round "1"]
[White "pomar"]
[Black "Jomaley"]
[Result "1-0"]
[WhiteElo "1917"]
[BlackElo "1605"]

1. f3 e5 2. Kf2 Bc5+ 3. e3 Qh4+ 4. g3 Qf6 5. Bh3 Nc6 6. Nc3 a6 7. Ne4 Bxe3+ 8.
Kxe3 Qh6+ 9. Kf2 d5 10. Bxc8 dxe4 11. Bxb7 exf3 12. Bxa8 Nge7 13. Qxf3 O-O 14.
Bxc6 Nxc6 15. d3 Nd4 16. Bxh6 gxh6 17. Qg4+ Kh8 18. Qh5 f6 19. Qxh6 Kg8 20. c3
Nc2 21. Rc1 e4 22. Rxc2 exd3 23. Rd2 Rd8 24. Qxf6 Rf8 25. Qxf8+ Kxf8 26. Rxd3
1-0

[Event "AUTO-OPEN-4652"]
[Site "http://www.queenalice.com/game.php?id=1873461"]
[Date "2026.5.15"]
[Round "1"]
[White "pomar"]
[Black "Slarty_Bartfast"]
[Result "0-1"]
[WhiteElo "1916"]
[BlackElo "1862"]

1. f3 d6 2. Kf2 Nf6 3. e3 Nc6 4. Bb5 g6 5. d4 Bd7 6. d5 Nb4 7. Bxd7+ Qxd7 8. e4
Bg7 9. a3 Na6 10. Nc3 c6 11. Nge2 cxd5 12. exd5 O-O 13. Re1 Nc7 14. Ng3 Rfe8 15.
b4 Nfxd5 16. Nxd5 Bxa1 17. Bh6 Bg7 18. Bxg7 Kxg7 19. Qd4+ e5 20. Qh4 Nxd5 21. c4
Nf4 22. Rd1 f5 23. Ne2 Nxe2 24. Kxe2 Rad8 25. Kf1 e4 26. fxe4 Rxe4 27. Qf2 b6
28. Rd4 Qe6 29. Qb2 Re1+ 30. Kf2 Qe3# 0-1